Songs in Fallout - Statistics

General Stats
  • This quiz has been taken 15 times
  • The average score is 8 of 13
Answers on the Grid
Answers color-coded by a green-red scale on the quiz's grid according to % correct below.
Please Please Me - The Beatles
Gimme Your Money Please - Bachmann-Turner Overdrive
Death Row - David Allan Coe
Sympathy For The Devil - The Rolling Stones
Mystery Train - Elvis Presley
Slow Ride - Foghat
Railroad Song - Lynyrd Skynyrd
Wang Dang Doodle - Howlin' Wolf
Going Up the Country - Canned Heat
A Whiter Shade of Pale - Procol Harum
Woodstock - Crosby, Stills, Nash, & Young
For What It's Worth - Buffalo Springfield
Hellbound Train - Savoy Brown
I Don't Want to Set the World on Fire - The Ink Spots
Ain't That a Kick in the Head - Dean Martin
Atom Bomb Baby - The Five Stars
Uranium Rock - Warren Smith
The Wanderer - Dion
Big Iron - Marty Robbins
Uranium Fever - Elton Britt
Johnny Guitar - Peggy Lee
Blue Moon - Frank Sinatra
Dear Hearts and Gentle People - Bob Crosby & The Bob Cats
Jingle, Jangle, Jingle - Kay Kyser & His Orchestra
Incense And Peppermints - Strawberry Alarm Clock
Space Guitar - Johnny "Guitar" Watson
House of the Rising Sun - The Animals
Living in the USA - The Steve Miller Band
It's a Sin to Tell a Lie - The Ink Spots
Mad About the Boy - Dinah Washington
 
Answer Stats
Answer % Correct
Big Iron - Marty Robbins
90%
Atom Bomb Baby - The Five Stars
80%
The Wanderer - Dion
70%
Uranium Rock - Warren Smith
70%
Ain't That a Kick in the Head - Dean Martin
60%
Dear Hearts and Gentle People - Bob Crosby & The Bob Cats
60%
I Don't Want to Set the World on Fire - The Ink Spots
60%
It's a Sin to Tell a Lie - The Ink Spots
60%
Jingle, Jangle, Jingle - Kay Kyser & His Orchestra
60%
Uranium Fever - Elton Britt
60%
Blue Moon - Frank Sinatra
50%
Johnny Guitar - Peggy Lee
50%
Mad About the Boy - Dinah Washington
40%
No matching quizzes found
Score Distribution
Percent of People with Each Score
Percentile by Number Answered
Your Score History
You have not taken this quiz